000 00433nam a2200157 i 4500
001 135509
003 ES-MaACL
005 20230906194909.0
007 t|
008 070719s1963 sp ||||1| spa d
100 1 _aTorrente Malvido, Gonzalo.
_9110855
245 1 0 _aHombres varados /
_cGonzalo Torrente Malvido.
260 _aBarcelona :
_bDestino,
_c[1963]
300 _a232 p. ;
_c18 cm.
852 _aES-MaACL
_jC-22802
_bR.52117
999 _c135509
_d135509